Principles of banking : (Record no. 67308)

MARC details
000 -LEADER
fixed length control field 00470nam a22001457a 4500
005 - DATE AND TIME OF LATEST TRANSACTION
control field 20181203170329.0
020 ## - INTERNATIONAL STANDARD BOOK NUMBER
International Standard Book Number 1403926638
Terms of availability 225.00
035 ## - SYSTEM CONTROL NUMBER
System control number B-182579,B-182595, B-182569, B-182591, B-182593
037 ## - SOURCE OF ACQUISITION
Stock number DPL
Source of stock number/acquisition ENG
245 ## - TITLE STATEMENT
Title Principles of banking :
Remainder of title (For JAIIB examination) /
Statement of responsibility, etc by Indian Institute of Banking and Finance
250 ## - EDITION STATEMENT
Edition statement rprn.
260 ## - PUBLICATION, DISTRIBUTION, ETC. (IMPRINT)
Place of publication, distribution, etc Delhi
Name of publisher, distributor, etc Macmillan
Date of publication, distribution, etc 2005
300 ## - PHYSICAL DESCRIPTION
Extent 526p.
Dimensions 22 cms.
942 ## - ADDED ENTRY ELEMENTS (KOHA)
Source of classification or shelving scheme Dewey Decimal Classification
Item type English Books
Classification part 346.682
Call number suffix PRI
Holdings
Withdrawn status Lost status Not for loan Collection code Home library Current library Date acquired Cost, normal purchase price Full call number Barcode Cost, replacement price Koha item type Source of acquisition
  Lost and Paid For   Non-fiction Patel Nagar Patel Nagar 31/07/2018 225.00 346.682 PRI B-182569 225.00 English Books BPPD/PUB
      Non-fiction Sarojini Nagar Sarojini Nagar 29/05/2012 225.00 346.682 PRI B-182579 225.00 English Books  
      Non-fiction Sarojini Nagar Sarojini Nagar 14/02/2019   346.682 PRI B-182575   English Books  
      Non-fiction Shahdara Branch Shahdara Branch 01/08/2018 0.00 346.682 PRI B-182591 0.00 English Books BPPD/PUB
      Non-fiction Tri Nagar Tri Nagar 07/07/2018 225.00 346.682 PRI B-182595 0.00 English Books  
      Non-fiction Vigyan Vihar Vigyan Vihar 03/12/2018 225.00 346.682 PRI B-182593 225.00 English Books BPPD/PUB

© Delhi Public Library
Hit Counter
free hit counter